| 000 | 00952cam a2200289 a 4500 | ||
|---|---|---|---|
| 001 | 4275 | ||
| 003 | BD-RjUL | ||
| 005 | 20211208233850.0 | ||
| 008 | 131222r19561885nyu 000 0 eng d | ||
| 035 |
_a(BD-RjUL)4310 _aOCLC ocm00267982 from D970626M |
||
| 040 |
_aDLC _cYNG _dIXA _dUKM _dWEA _dEQO _dBD-RjUL _beng |
||
| 041 | _aeng | ||
| 082 | 0 | 4 |
_a328.73 _218 _bWIC 1956 |
| 100 | 1 |
_aWilson, Woodrow, _d1856-1924. _913538 |
|
| 245 | 1 | 0 |
_aCongressional government : _ba study in American politics / _cby Woodrow Wilson ; introduction by Walter Lippmann. |
| 260 |
_aNew York : _bMeridian Books, _c1956. |
||
| 300 |
_a222 p. ; _c18 cm. |
||
| 490 | 1 |
_aMeridian books ; _vM27 |
|
| 500 | _aOriginally published 1885. | ||
| 610 | 1 | 0 |
_aUnited States. _bCongress. _913562 |
| 651 | 0 |
_aUnited States _xPolitics and government. _913540 |
|
| 830 | 0 |
_vM27 _913563 |
|
| 830 | 0 |
_aMeridian books ; _913564 |
|
| 942 |
_2ddc _cBK |
||
| 999 |
_c4275 _d4275 |
||